Love Sick Tracklist (Don Toliver) - Statistics

General Stats
  • This quiz has been taken 58 times
  • The average score is 13 of 20
Answer Stats
Hint Answer % Correct
13 (ft Justin Bieber, Future) Private Landing
100%
1 No Pole
92%
2 (ft Travis Scott) Embarrassed
86%
7 (ft Lil Durk, GloRilla) Leave the Club
76%
18 (ft Brent Faiyaz) Bus Stop
73%
5 LoveSickness
73%
3 Geronimo
68%
9 (ft TisaKorean) Go Down
68%
16 (ft Charlie Wilson) If I Had
68%
14 (ft Wizkid) Slow Motion
68%
6 (ft James Blake) Let Her Go
65%
8 (ft Kali Uchis) 4 Me
62%
19 (ft Toro y Moi) Cinderella
62%
12 Honeymoon
62%
11 Leather Coat
57%
4 (ft Teezo Touchdown) Luckily I'm Having
57%
20 Encouragement
54%
15 Do It Right
51%
17 Company Pt. 3
49%
10 Time Heals All
49%
No matching quizzes found
Score Distribution
Percent of People with Each Score
Percentile by Number Answered
Your Score History
You have not taken this quiz